Actas I. Congreso Internacional de Filosofía
Saved in:
| Format: | Bog |
|---|---|
| Sprog: | spansk fransk |
| Udgivet: |
Madrid
Instituto Luis Vives de Filosofía
1949
|
| Fag: | |
| Tags: |
Tilføj Tag
Ingen Tags, Vær først til at tagge denne postø!
|
MARC
| LEADER | 00000nam a2200000 a 4500 | ||
|---|---|---|---|
| 001 | UCZ3930 | ||
| 003 | CL-VaPUC | ||
| 005 | 20220222131017.0 | ||
| 008 | 951027e19490000sp 1 spa d | ||
| 041 | 0 | 7 | |a spa |2 CL-VaPUC |
| 041 | 0 | 7 | |a fre |2 CL-VaPUC |
| 082 | 0 | 4 | |a 196.1 |b ACT |2 21 |
| 245 | 1 | 0 | |a Actas I. Congreso Internacional de Filosofía |
| 260 | |a Madrid |b Instituto Luis Vives de Filosofía |c 1949 | ||
| 300 | |a v | ||
| 583 | |a last modification |c 19951027 00:00:00 |k Rodrigo Vera | ||
| 600 | 0 | |a Suárez, Francisco, |c S.I. |9 255840 | |
| 600 | 1 | 7 | |a BALMES, JAIME |2 CL-VaPUC |9 376136 |
| 650 | 0 | 0 | |a Filosofía española |9 254895 |
| 650 | 0 | 0 | |a Filósofos españoles |9 321894 |
| 650 | 0 | 0 | |a Teología |9 258766 |
| 942 | |c BK | ||
| 945 | |a lriquelm |d 19951027 00:00:00 | ||
| 546 | |a En Español | ||
| 546 | |a En Francés | ||
| 518 | |p Congreso Internacional de Filosofía, Barcelona, 4 al 10 de Octubre de 1948 | ||
| 999 | |c 382449 |d 382447 | ||
| 952 | |0 0 |1 0 |4 0 |6 196_100000000000000_ACT_1949 |7 0 |8 P |9 504161 |a BIBEDU |b BIBEDU |c BIBEDU_PB |d 2020-01-23 |i 1592742 |o 196.1 ACT 1949 |p 1592742 |r 2024-01-25 |w 2020-01-23 |y BK |k FIL | ||